Quizzes
Events
Quiz Creation
Community
Videos
Private Events
Remove Ads
Sign In
Join for FREE
Feedback
Dark Mode
Quiz Categories
Sports
Geography
Music
Movies
Television
Just For Fun
Miscellaneous
History
Literature
Language
Science
Gaming
Entertainment
Religion
Holiday
For Kids
Quiz Lab
Recent
Popular Today
Quiz Kudos Today
Editor Picks
Curator Picks
Quizzes by...
Day
Popularity
Type
Ratings
Length
Year
Community
Subscriptions
Recent Discussions
Orange Saloon
Badges
Playlists
Quests
Create
Leaderboards
Showdown
Live 5
Trivia Bingo
Activity
Puzzle Library
Sporcle Events
Private Events
Virtual Trivia
Globe League
Become a Host
Pub Owners
SporcleCon
Opinionation
Our Games
Videos
Blog
Mobile Apps
Partnerships
Remove Ads and Go Orange
Feedback
History
US Presidents
World Leaders
Politics
Nation
Discovery
War
Decade
Year
Century
Biography
Art
History
US Presidents
World Leaders
Politics
Nation
Discovery
War
Decade
Year
Century
Biography
Art
Random Quiz
Search Sporcle
×
Quiz Lab
Quiz Lab
History
World
Type in answers that appear in a list
Type in answers that appear in a list
Classic
Best Score? Go Orange.
Most Influential People of World War 2 Stats
Can you name the Most Influential People of World War 2?
By
SOAR21
15m
104 Questions
7,452 Plays
7,452 Plays
7,452 Plays
Comments
Comments
Give Quiz Kudos
Give Quiz Kudos
-
- Ratings
hide this ad
Replay
Link that replays current quiz
Next Quiz
Link to next quiz in quiz playlist
You Got
0%
They Got
Avg Score
21%
Avg Friend Score
Upgrade to see
Score Distribution
Jump to the score distribution portion of the page
Score
0/104
Timer
15:00
2
Plays Today
Rank
Name
% Correct
1.
Adolf Hitler
99.5%
3.
Winston Churchill
95.5%
4.
Josef Stalin
94.1%
2.
Franklin Roosevelt
93.2%
78.=
Eleanor Roosevelt
76%
7.
Dwight D. Eisenhower
75%
50.
Benito Mussolini
63.4%
49.
Emperor Hirohito
63.1%
14.
Harry Truman
63%
11.
George Patton
60.9%
39.
Erwin Rommel
55.5%
65.
Heinrich Himmler
54.7%
37.
Bernard Montgomery
51.1%
66.
Neville Chamberlain
48.6%
8.
Douglas MacArthur
47.9%
43.
Hermann Goering
47.9%
44.
Joseph Goebbels
46.7%
51.
Charles de Gaulle
45.1%
29.
Hideki Tojo
43.7%
75.
Francisco Franco
36.5%
6.
Isoroku Yamamoto
34.6%
5.
George Marshall
32.6%
17.
Georgy Zhukov
31.9%
33.
Omar Bradley
30.5%
18.
Chester Nimitz
30.3%
61.
Josip Broz Tito
28.6%
27.
Henri Petain
27.4%
87.
Chiang Kai-Shek
25.6%
13.
Albert Einstein
24.3%
20.
Ernest King
23.1%
95.=
George VI
21.3%
30.
Robert Oppenheimer
20.9%
90.
Anne Frank
20.5%
53.
Vyacheslav Molotov
20.2%
77.
Albert Speer
20.2%
Rank
Name
% Correct
64.
Karl Doenitz
19.9%
78.=
Madame Chiang
18.5%
52.
Joachim von Ribbentrop
18%
12.
Heinz Guderian
17.4%
25.
Reinhard Heydrich
16.7%
91.
Adolf Eichmann
16.5%
31.
Werner von Braun
16.2%
9.
Jimmy Doolittle
16.1%
98.
Joseph Kennedy
15.7%
48.
Wilhelm Keitel
14.2%
34.
Arthur Harris
14.1%
26.
William Halsey
14.1%
46.
Alfred Jodl
13.3%
57.
Friedrich von Paulus
13.3%
100.
Pope Pius XII
12.5%
96.
Haile Selassie
12.4%
56.
Gerd von Rundstedt
10.9%
89.
Claus von Stauffenberg
10.8%
76.
Harold Alexander
10.5%
95.=
Leopold III
9.4%
79.
Lavrenti Beria
9.1%
41.
Henry Arnold
8.8%
58.
Tomoyuki Yamashita
8.7%
95.=
Christian X
8.7%
42.
Vasily Chuikov
7.9%
81.
Eduard Benes
7.9%
28.
Alan Brooke
7.7%
86.
Charles Lindbergh
7.5%
10.
Douglas Bader
7.3%
92.
Robert Jackson
7.1%
74.
Pietro Badoglio
7.1%
47.
Konstantin Rokossovsky
6.9%
94.
Cordell Hull
6.6%
21.
Henry Stimson
6.6%
82.
Wladyslaw Sikorski
6.5%
Rank
Name
% Correct
80.
Galeazzo Ciano
6.5%
62.
Maurice Gamelin
6.4%
19.=
Husband Kimmel
6.1%
54.
Semyon Timoshenko
6.1%
63.
Robert Murphy
5.8%
22.
Harry Hopkins
5.6%
99.
Paul Reynaud
5.6%
59.
Jean Darlan
5.5%
24.
William Donovan
5.1%
15.
Stewart Menzies
5%
68.
Gustav Krepp
4.8%
19.=
Walter Short
4.8%
32.
Leslie Groves
4.7%
16.
Bertram Ramsay
4.7%
83.
Joseph Stilwell
4.7%
36.
Clifton Sprague
4.4%
85.
Sullivan Brothers
4.2%
70.
Edward Morrow
4.1%
35.
Thomas Kinkaid
4.1%
71.
Ernie Pyle
4.1%
69.
Andrew Higgins
4%
45.
Masaharu Homma
4%
73.
Breckinridge Long
4%
60.
Frank Knox
3.9%
23.
William Stephenson
3.9%
93.
Henry Morgenthau
3.8%
67.
Anthony McAuliffe
3.8%
38.
Takeo Kurita
3.7%
84.
Jonathan Wainwright
3.7%
55.
William Shirer
3.3%
72.
Bill Mauldin
2.6%
97.
Mordecai Anielewicz
2.5%
88.
Tadeusz Bor-Komorowsky
2.5%
40.
William Friedman
2.3%
Quiz Playlist
Details
Report
Send in Message
Add To Playlist
Classic:
Type in answers that appear in a list
Quiz Source
Last Updated: Jul 14, 2017
Quiz Scoreboard
CHALLENGE
Sign Up to Join the Scoreboard
Show All
Scores
Hide
Comments
May contain spoilers
Recently Published
9x9 Crossword: Cartoon Network
by jackfrog10
Miscellaneous
3m
College Basketball Coaching Resumes
by pancakes188
Sports
9m
Billboard Blitz: Fleetwood Mac
by CooCooCachoo
Music
15s
More to Explore
Quiz From the Vault
Featured Blog Post
Where Did the Easter Bunny Come From?
hide this ad
You Might Also Like...
Tags
Country Quiz
War Quiz
World Quiz
influential
Today's Top Quizzes in History
Browse History
hide this ad
Today's Top Quizzes in World
Browse World
Top Contributed Quizzes in History
1
Popular People in 1991
2
Popular People in 1981
3
Popular People in 1951
4
Popular People in 1941
5
Popular People in 1986
6
Popular People in 1976
7
Popular People in 1921
8
5-to-1: 20th Century Images of War
9
I Am Born On March 28th
10
Popular People in 1946
Explore More
Trending Topics
Harry Potter
NBA
Crossword
Anime
Marvel
Disney
Kpop
The Office
Soccer
Puzzle
WWE
Country
Pokémon
NFL
Song
hide this ad
More By:
SOAR21
Quiz
Plays
Rating
Category
Featured
Created
Call of Duty: Modern Warfare 2 Weapons
73,412
3.08
Gaming
Dec 2, 2009
100 Most Influential Military Leaders
10,035
3.94
History
Oct 14, 2009
Most Influential People of World War 2
7,452
3.20
History
Oct 14, 2009
100 Most Influential Scientists
3,571
4.71
Science
Feb 4, 2010
Most Popular Classical Music Pieces
2,966
1.89
Music
Nov 1, 2009
Go to Creator's Profile
Score Distribution
Quiz Creator Spotlight
SOAR21
Follow
Send a Message
Quizzes Created
-
Created Quiz Play Count
-
More By This Creator
Popular Quizzes Today
1
Find the US States - No Outlines Minefield
2
Find the Countries of Europe - No Outlines Minefield
3
The Countries of the World
4
Find the US States
5
Risky Map Clicking: Biggest States A-Z
6
US States
7
Popular People in 1961
8
Movies - When Are They Set?
More History Quizzes
That Mixed Up White House!
Editor's Pick
Trending Quizzes
Risky Map Clicking: Least Populous States A-Z
1-10 Letter G Words
1-10 Letter F Words
Risky Map Clicking: Next State Alphabetically
Adjectives in 80s TV Shows
Recently Updated
Leaping Animals
pecheneg
Reality TV Shows (A-Z)
bhenderson79
Rickey Henderson's Hall of Fame Teammates
pecheneg
Champions League XIs: Arsenal
pecheneg
Quick Pick: Celebrities in WWE's Hall of Fame
aduchscher
A-Z Keypad Blitz II
pecheneg
Multiple Oscar Actors
pecheneg
Mystery Phrase Blitz: Oscar 'Best Actors'
pecheneg
F. Scott Fitzgerald Novels
LTH
Pick 3 Villains
ddd62291
Trending Topics
Disney
NBA
Crossword
Kpop
Anime
Harry Potter
Marvel
Soccer
Pokémon
Country
NFL
Song
WWE
Puzzle
The Office
Your Account Isn't Verified!
In order to create a playlist on Sporcle, you need to verify the email address you used during registration. Go to your
Sporcle Settings
to finish the process.
Report this User
Report this user for behavior that violates our
Community Guidelines
.
Details:
Send Report
Go to the Sporcle.com Mobile Site →
Comments